| 000 | 00671nam a22001697a 4500 | ||
|---|---|---|---|
| 999 |
_c7993 _d7993 |
||
| 003 | GBCCL | ||
| 005 | 20241126110641.0 | ||
| 008 | 181123b ||||| |||| 00| 0 eng d | ||
| 040 | _cGBC | ||
| 082 |
_aARCH GBC-2015 _bCHI |
||
| 100 |
_aChinghatzo _913954 |
||
| 245 |
_aA Study on the Attitude Towards Homosexuality Among the Youth in Lamka and a Call for Christian Response With Special Reference to Evangelical Baptist Convention _cChinghatzo |
||
| 260 |
_aNew Lamka: _bGrace Bible College, _c2015 |
||
| 300 |
_axvi + 58 p.; _c21 x 30 cm. |
||
| 650 |
_aHomosexuality _vYouth _vChristian Response _xEvangelical Baptist Convention _zLamka _zChurachandpur _913955 |
||
| 942 |
_2ddc _cTH |
||